| 000 -ლიდერი |
| ფიქსირებული სიგრძის საკონტროლო ველი |
01635nam a2200265Ia 4500 |
| 001 - საკონტროლო ნომერი |
| საკონტროლო ველი |
19735 |
| 003 - საკონტროლო ნომრის იდენტიფიკატორი |
| საკონტროლო ველი |
GE_BSU |
| 005 - ბოლო ოპერაციის თარიღი და დრო |
| საკონტროლო ველი |
20200415233304.0 |
| 008 - ფიქსირებული სიგრძის მონაცემთა ელემენტები - ზოგადი ინფორმაცია |
| ფიქსირებული სიგრძის საკონტროლო ველი |
181216s2013||||ge |||||||||||||| ||geo|| |
| 020 ## - წიგნის საერთაშორისო სტანდარტული ნომერი |
| International Standard Book Number |
ISBN 978-9941-0-6215-5 |
| 040 ## - კატალოგიზაციის წყარო |
| Transcribing agency |
GE_BSU |
| 041 ## - ენის კოდი |
| Language code of text/sound track or separate title |
geo |
| 080 ## - უნივერსალური ათობითი კლასიფიკაციის ინდექსი |
| Universal Decimal Classification number |
328 პ-19 |
| 245 ## - ცნობა სათაურის შესახებ |
| Title |
პარლამენტის სამეცნიერო-საინფორმაციო უზრუნველყოფის განყოფილების შრომები : 2007-2008 წლები |
| Remainder of title |
2007-2008 წლები / |
| Statement of responsibility, etc |
საქართველოს პარლამენტის ეროვნული ბიბლიოთეკა |
| 264 ## - წარმოების, გამოცემის, დისტრიბუციის და სხვა ცნობები |
| გამოცემის, წარმოების, დისტრიბუციის... ადგილი |
თბილისი : |
| გამოცემის, წარმოების, დისტრიბუციის... სახელწოდება |
საქ. პარლამენტის ეროვნ. ბიბ-კა, |
| გამოცემის, წარმოების, დისტრიბუციის... თარიღი |
2013. |
| 300 ## - ფიზიკური აღწერა |
| Extent |
140 გვ. ; |
| Dimensions |
20 სმ. |
| 500 ## - ზოგადი შენიშვნა |
| General note |
მასალა მოამზადა საქართველოს პარლამენტის ეროვნული ბიბლიოთეკის პარლამენტის სამეცნიერო-უზრუნველყოფის განყოფილებამ |
| 653 ## - INDEX TERM--UNCONTROLLED |
| Uncontrolled term |
პარლამენტარისტული მმართველობა |
| 653 ## - INDEX TERM--UNCONTROLLED |
| Uncontrolled term |
დემოკრატია |
| 653 ## - INDEX TERM--UNCONTROLLED |
| Uncontrolled term |
არჩევნები |
| 653 ## - INDEX TERM--UNCONTROLLED |
| Uncontrolled term |
პარლამენტი |
| 653 ## - INDEX TERM--UNCONTROLLED |
| Uncontrolled term |
მთავრობა |
| 710 ## - ADDED ENTRY--CORPORATE NAME |
| Corporate name or jurisdiction name as entry element |
საქართველოს პარლამენტის ეროვნული ბიბლიოთეკა |
| 9 (RLIN) |
7897 |
| 942 ## - ADDED ENTRY ELEMENTS (KOHA) |
| Koha item type |
წიგნი |
| Source of classification or shelving scheme |
|